000 00298nam a22001337a 4500
008 180919b xxu||||| |||| 00| 0 eng d
020 _a9780803946279
041 _aeng
080 _a510
100 _a37
101 _aMAT
245 _aHierarchical Linear Models
_cBryk.A.S
942 _2udc
_cBK
999 _c47993
_d47993